Państwa bez liter P, O, L, S, K, A - Statystyki

Ogólne statystyki
  • Ten quiz został rozwiązany 10 612 razy
  • Średni wynik to 5 z 12
Statystyki odpowiedzi
Kontynent Państwo % Poprawnych
Europa Niemcy
60%
Azja Chiny
55%
Oceania Fidżi
52%
Europa Czechy
50%
Azja Indie
42%
Europa Węgry
40%
Azja Jemen
34%
Afryka Niger
34%
Afryka Benin
26%
Azja Brunei
25%
Afryka Dżibuti
25%
Afryka Burundi
22%
Nie znaleziono quizów pasujących do podanych kryteriów
Rozkład punktacji
Procent ludzi z każdym wynikiem
Percentyl według liczby udzielonych odpowiedzi
Twoja historia wyników
Nie rozwiązałeś tego quizu